000 00339 a2200133 4500
999 _c12904
_d12904
008 240801b ||||| |||| 00| 0 eng d
020 _a 978-1780676005
082 _a 363.7
100 _aRebecca Proctor
245 _aUpcycle: 24 Sustainable DIY Projects
260 _bLaurence King Publishing
_c2015
300 _a143p;
942 _2ddc